Central Library OPAC University of Rajshahi

International aspects of librarianship / (Record no. 434)

MARC details
000 -LEADER
fixed length control field 01023cam a22002771 4500
001 - CONTROL NUMBER
control field 434
003 - CONTROL NUMBER IDENTIFIER
rucl marc code BD-RjUL
005 - DATE AND TIME OF LATEST TRANSACTION
control field 20211208233158.0
008 - FIXED-LENGTH DATA ELEMENTS--GENERAL INFORMATION
fixed length control field 131207r19551954xx 000 0 eng
035 ## - SYSTEM CONTROL NUMBER
System control number (BD-RjUL)451
040 ## - CATALOGING SOURCE
Original cataloging agency DLC
Transcribing agency ODaWU
Modifying agency DLC
-- (BD-RjUL
Language of cataloging eng
041 ## - LANGUAGE CODE
Language code of text/sound track or separate title eng
082 04 - DEWEY DECIMAL CLASSIFICATION NUMBER
Edition number 22
Classification number 025.00285
Author mark and year CAI 1955
100 1# - MAIN ENTRY--PERSONAL NAME
Personal name Carnovsky, Leon,
Dates associated with a name 1903-
9 (RLIN) 1357
245 10 - TITLE STATEMENT
Title International aspects of librarianship /
Statement of responsibility, etc. Leon Carnovsky
260 ## - PUBLICATION, DISTRIBUTION, ETC. (IMPRINT)
Place of publication, distribution, etc. [Chicago] :
Name of publisher, distributor, etc. University of Chicago Press,
Date of publication, distribution, etc. c1954 [Impression 1955].
300 ## - PHYSICAL DESCRIPTION
Pagination 124 p. ;
Size 25 cm.
410 20 - SERIES STATEMENT/ADDED ENTRY--CORPORATE NAME [OBSOLETE, CAN/MARC], [LOCAL, USA]
Corporate name or jurisdiction name as entry element Chicago (Ill.).
Subordinate unit University.
-- Graduate Library School.
-- Library Conference.
Title of a work Papers presented before the annual conference,
Volume number/sequential designation 1953
490 1# - SERIES STATEMENT
Series statement University of Chicago. University of Chicago studies in library science
504 ## - BIBLIOGRAPHY, ETC. NOTE
Bibliography, etc Bibliographical footnotes.
650 #0 - SUBJECT ADDED ENTRY--TOPICAL TERM
Topical term or geographic name as entry element Library cooperation.
9 (RLIN) 1358
830 #0 - SERIES ADDED ENTRY--UNIFORM TITLE
Uniform title University of Chicago studies in library science.
942 ## - ADDED ENTRY ELEMENTS (KOHA)
Source of classification or shelving scheme Dewey Decimal Classification
Koha item type Books
Holdings
Lost status Source of classification or shelving scheme Damaged status Not for loan Collection code Permanent Location Current Location Shelving location Date acquired Source of acquisition Cost, normal purchase price Total Checkouts Full call number Date last seen Copy number Koha item type
  Dewey Decimal Classification   Not For Loan Non-fiction Central Library, University of Rajshahi Central Library, University of Rajshahi Reading Room 15/04/1964 Mirja Book 200.00   025.00285 CAI 1955 18/11/2013 C-1 Books